Culture générale - Quiz #15 - Statistiques

Statistiques générales
  • Ce quiz a été pris 58 792 fois
  • Le résultat moyen est 9 sur 20
Statistiques - réponses
Question Réponse % Correct
Quel ingrédient permet au pain de lever ? La levure
97%
Quel groupe britannique traverse le passage piéton d'Abbey Road sur l'album du même nom ? The Beatles
83%
Quel est le sujet d'étude de l'hématologie ? Le sang
70%
À quelles créatures Ulysse survécut-il en se faisant attacher au mât de son navire ? Aux sirènes
67%
Quel signe du zodiaque est représenté par un centaure ailé tirant à l'arc ? Sagittaire
63%
Quelle est la capitale de la Jamaïque ? Kingston
53%
Quel nom porte la chambre haute du Parlement britannique ? La Chambre des {Lords}
53%
Quel acteur jouant dans "Astérix et Obélix : Mission Cléopâtre" est aussi la voix française de Shrek ? Alain Chabat
42%
Quelle est l'île la plus vaste de France métropolitaine, après la Corse ? L'île d'Oléron
42%
Quelle chanson de Claude François a été reprise par Frank Sinatra sous le titre "My Way" ? Comme d'habitude
39%
De quel pays vient le didgeridoo ? L'Australie
37%
Quel méchant de l'univers Marvel peut contrôler le métal ? Magnéto
36%
Quel est le plus grand lac d'Afrique, en termes de superficie ? Le lac Victoria
34%
De quel mouvement artistique Andy Warhol et Roy Lichtenstein étaient-ils des représentants ? Le Pop art
28%
Sous quel nom est aussi connue la "panse de brebis farcie" écossaise ? Haggis
23%
Quelle ville française se trouve à la confluence du Rhône et de la Durance ? Avignon
18%
Quel roman comprend les tomes intitulés "Du côté de chez Swann" et "Albertine disparue" ? À la recherche du temps perdu
18%
Dans quel pays actuel se situe l'emplacement de l'ancienne région de Nubie ? Le Soudan
18%
Quelle période géologique vient juste avant le Jurassique ? Le Trias
17%
De quoi le mot "fax" est-il un diminutif ? Fac-similé
12%
Aucun quiz correspondant
Distribution des résultats
% des personnes avec chaque résultat
Percentile par nombre de réponses
Votre historique - résultats
Vous n’avez pas pris ce quiz